000
00261nam a22001097a 4500
008
170112b xxu||||| |||| 00| 0 eng d
020
_a
9780721606996
041
_a
eng
080
_2
2ND
_a
618.2
245
_a
MATERNAL-CHILD NURSING
_c
MCKINNEY, E.S
942
_2
udc
_c
BK
999
_c
2751
_d
2751